000 01142nam a22003497a 4500
003 CHAP
005 20220329134319.0
008 971013s1975 r 00010 d
010 _a18580
011 _a19552
035 _a23637
040 _cCHAP
090 _aFolleto 3192
100 0 0 _aBokdam, J.
_913458
245 _aContribution a l'etude ethenobotanique des Wagenia de Kisangani, Zaire
260 _aWageningen :
_bVeenman & Zonen,
_c1975
300 _a74 p.
_b: ilus.
490 _aMededelingen Landbouwhogeschool
_v; 75-19
590 _aBATCH-UPD
_b10
_c20130110
_lUCH01
_h0333
590 _aBATCH-UPD
_b10
_c20130110
_lUCH01
_h1841
590 _aBATCH-UPD
_b10
_c20130410
_lUCH01
_h0006
590 _aBATCH-UPD
_b10
_c20130914
_lUCH01
_h0729
590 _aCONVERSION
_b10
_c20130109
_lUCH01
_h1311
650 1 4 _aBotánica económica.
_914655
650 1 4 _aBotánica
_xZaire.
_914637
650 1 4 _aZaire
_xCondiciones sociales.
_9123442
700 0 _aDroogers, A. F.
_934250
830 0 _aMededelingen Landbouwhogeschool
_v; 75-19
_973858
901 _aBK
942 _cFOLL
949 _aFolleto 3192
_bBC
_cFOLL
_d-54902
_eTS1
_i23637
_si
999 _c18580
_d18580